| 000 | 01753nam a22002537a 4500 | ||
|---|---|---|---|
| 999 |
_c57190 _d57190 |
||
| 003 | Ge_BSU | ||
| 005 | 20191224163711.0 | ||
| 008 | 191224s2017 ||||| |||| 00| 0 geo d | ||
| 020 | _a9789941136276 | ||
| 041 | _ageo | ||
| 080 | _a811.352.2'36 მ-43 | ||
| 100 |
_aმაჭავარიანი, ნანა. _95954 |
||
| 245 |
_aაფხაზური ენის გრამატიკის საკითხები : _bაჭარაში მცხოვრებ აფხაზთა მეტყველების გათვალისწინებით) : ტექსტებითა და ლექსიკონით : [მონოგრაფია] / _c ნანა მაჭავარიანი ; რედ. ვ. შენგელია ; რეზიუმეს ინგლ. თარგმანი რ. ჯაიანი . |
||
| 264 |
_aთბილისი : _bუნ-ტის გამ-ბა, _c 2017. |
||
| 300 |
_a222 გვ. ; _c 25 სმ. |
||
| 501 | _aლექსიკონი: გვ. 190-222. | ||
| 504 | _aბიბლიოგრ.: გვ. 129-143. | ||
| 520 | _aრეზიუმე ინგლ. ენაზე. | ||
| 653 | _aაფხაზური ენის გრამატიკა | ||
| 700 |
_aშენგელია, ვ _eრედაქტორი _95955 |
||
| 700 |
_aჯაიანი, რ _eრეზიუმეს ინგლისური თარგმანი _95956 |
||
| 710 |
_eთსუ არნ. ჩიქობავას სახ. ენათმეცნიერების ინ-ტი, ცხუმ-აფხაზეთის მეცნიერებათა აკადემია. _95957 |
||
| 942 |
_2udc _cBK |
||